• 首页
  • 本馆介绍
  • 公告通知
  • 最新文献
  • 馆藏检索
  • 电子资源
  • 读者导购
  • 参考咨询
  • 我的图书馆
  • 登录
  • 详细信息显示
  • 放入我的书架
  • 预约/预借图书
  • 作者相关作品
  • 分类相关作品
  • 丛书相关作品
  • 出版社相关作品

书目信息

  • 表格格式
  • 工作单格式
  • 卡片格式
题名:
明代散文选注
    
 
作者: 刘世德 著
分册:  
出版信息: 上海   上海古籍出版社  1980
页数: 168页
开本: 19cm
丛书名:
单 册:
中图分类: I264.8 , I262
科图分类:
主题词: 古典散文--中国--明代--选集
电子资源:
ISBN:
000 00595nam0 2200229 450
001 1536547192
005 20150125100928.93
010    @dCNY0.41
091    @a10186.132
100    @a19950623d1980 em y0chiy0110 ea
101 0  @achi
102    @aCN@b310000
105    @ay z 000cy
200 1  @a明代散文选注@9ming dai san wen xuan zhu@f刘世德著
210    @a上海@c上海古籍出版社@d1980
215    @a168页@d19cm
606 0  @a古典散文@y中国@z明代@x选集
690    @aI264.8@v5
690    @aI262@v4
701  0 @a刘世德@9liu shi de@4著
801  0 @aCN@bTSSF@c20150125
905    @aZUCC@dI262@eJY8
    
    明代散文选注/刘世德著.-上海:上海古籍出版社,1980
    168页;19cm
    
    
    ISBN :CNY0.41
    
●
相关链接 在E读中查询图书 在五车中查询图书 在当当中查询图书 在豆瓣中查询图书


正题名:明代散文选注     索取号:I262/JY8         预约/预借

序号 登录号 条形码 馆藏地/架位号 状态 备注
1 7855570   278555706   学院路分馆/ [索取号:I262/JY8] 在馆    
2 7855571   278555715   学院路分馆/ [索取号:I262/JY8] 在馆    
3 7855572   278555724   学院路分馆/ [索取号:I262/JY8] 在馆    
欢迎您!
大连网信软件有限公司© 版权所有